000 00460nam a22001817a 4500
003 MPLRDC
005 20220104144133.0
008 210129b ||||| |||| 00| 0 eng d
020 _a7-5443-0027-7
082 _a785.28 CASEY
100 _aA. CASEY
245 _a凯西定律: 现金第一
_c彭氏信息中心 译
250 _a一版一刷
260 _a
_b海南出版社
_c2001
300 _b
650 _a美国传记
942 _cBK
_o785.28 CASEY
999 _c46729
_d46719